[Event "BL 1920 (Women)"]
[Site "Germany"]
[Date "2021.09.03"]
[Round "9.4"]
[White "Winterholler, Christina"]
[Black "Belenkaya, Dina"]
[Result "0-1"]
[WhiteElo "2068"]
[BlackElo "2298"]
[PlyCount "84"]
[EventDate "2019.09.14"]
[EventType "team-tourn"]
[EventRounds "11"]
[EventCountry "GER"]
[SourceTitle "EXT 2022"]
[Source "ChessBase"]
[SourceDate "2021.10.06"]
[SourceVersion "1"]
[SourceVersionDate "2021.10.06"]
[SourceQuality "1"]
[WhiteTeam "Hofheim (W)"]
[BlackTeam "Bad Koenigshofen (W)"]
[WhiteTeamCountry "GER"]
[BlackTeamCountry "GER"]

1. c4 e5 2. Nc3 Nf6 3. g3 Nc6 4. Bg2 Bc5 5. e3 d5 6. Nxd5 Nxd5 7. cxd5 Nb4 8. Qb3 c6 9. a3 Nxd5 10. Ne2 0-0 11. 0-0 Bb6 12. Nc3 Be6 13. Qc2 a5 14. b3 f5 15. Bb2 f4 16. Nxd5 cxd5 17. Bxe5 f3 18. Bh1 Qg5 19. Bf4 Qh5 20. Qd1 Bg4 21. h3 Qxh3 22. Bxf3 Rxf4 23. Bxd5+ Rf7 24. Qe1 Bf3 25. Bxf3 Rxf3 26. Rc1 Rf5 27. Rc4 Rh5 28. Rh4 Rxh4 29. gxh4 Qg4+ 30. Kh2 Qxh4+ 31. Kg2 Qg4+ 32. Kh2 Rf8 33. Qc1 Qh5+ 34. Kg1 Qg4+ 35. Kh2 Rc8 36. Qd1 Qh4+ 37. Kg2 Rc6 38. f4 Rg6+ 39. Kf3 Qg4+ 40. Ke4 Qg2+ 41. Ke5 Qc6 42. f5 Bc7+ 0-1

[Event "BL 1920 (Women)"]
[Site "Germany"]
[Date "2020.02.02"]
[Round "6.5"]
[White "Brandt, Carina"]
[Black "Winterholler, Christina"]
[Result "1-0"]
[WhiteElo "2060"]
[BlackElo "2068"]
[PlyCount "71"]
[EventDate "2019.09.14"]
[EventType "team-tourn"]
[EventRounds "11"]
[EventCountry "GER"]
[SourceTitle "CBM 195 Extra"]
[Source "ChessBase"]
[SourceDate "2020.05.31"]
[SourceVersion "1"]
[SourceVersionDate "2020.05.31"]
[SourceQuality "1"]
[WhiteTeam "Harksheide (W)"]
[BlackTeam "Hofheim (W)"]
[WhiteTeamCountry "GER"]
[BlackTeamCountry "GER"]

1. e4 e5 2. Nf3 Nc6 3. d4 exd4 4. Nxd4 Bc5 5. Nb3 Bb6 6. Nc3 d6 7. Qe2 Nge7 8. Be3 Be6 9. 0-0-0 Qd7 10. Nc5 Bxc5 11. Bxc5 a6 12. f3 b6 13. Be3 b5 14. Kb1 0-0 15. h4 Rfe8 16. Qf2 Ne5 17. h5 f6 18. Qh4 Kf7 19. Bc1 b4 20. Nd5 Bxd5 21. exd5 Qa4 22. Qe4 f5 23. Qd4 Rab8 24. h6 Rg8 25. Re1 Qd7 26. Bg5 N7g6 27. hxg7 Rxg7 28. f4 Ng4 29. Be2 a5 30. Bxg4 fxg4 31. Bf6 b3 32. Bxg7 bxc2+ 33. Kc1 Kg8 34. Bh6 Qf7 35. Re6 c5 36. dxc6 1-0

[Event "Regionalliga Sued-Ost 1819"]
[Site "Bayern"]
[Date "2019.02.24"]
[Round "7.2"]
[White "Spacek, Petr"]
[Black "Winterholler, Christina"]
[Result "1/2-1/2"]
[WhiteElo "2361"]
[BlackElo "2069"]
[PlyCount "97"]
[EventDate "2018.10.21"]
[EventType "team-tourn"]
[EventRounds "9"]
[EventCountry "GER"]
[SourceTitle "EXT 2022"]
[Source "ChessBase"]
[SourceDate "2021.10.06"]
[SourceVersion "1"]
[SourceVersionDate "2021.10.06"]
[SourceQuality "1"]
[WhiteTeam "Bayerwald Regen/Zwiesel"]
[BlackTeam "Groebenzell II"]
[WhiteTeamCountry "GER"]
[BlackTeamCountry "GER"]

1. d4 d5 2. c4 dxc4 3. e3 e5 4. Bxc4 exd4 5. Nf3 Bb4+ 6. Bd2 Bxd2+ 7. Qxd2 Nf6 8. 0-0 0-0 9. exd4 Nbd7 10. Nc3 Nb6 11. Bb3 c6 12. Rfe1 Qd6 13. h3 Bd7 14. Re5 Rad8 15. Rae1 h6 16. a3 Na8 17. g4 Bc8 18. g5 Nd5 19. Nxd5 cxd5 20. Rxd5 Qb6 21. Rxd8 Rxd8 22. Qe3 Bxh3 23. Bxf7+ Kxf7 24. Ne5+ Kg8 25. Qxh3 Nc7 26. gxh6 Qxh6 27. Qxh6 gxh6 28. Ng4 Rxd4 29. Nxh6+ Kf8 30. Rc1 Rd7 31. Kg2 Kg7 32. Ng4 Ne6 33. Kg3 Rd2 34. Re1 Kf7 35. Ne5+ Kf6 36. Ng4+ Kf7 37. b3 Ra2 38. a4 Ra3 39. Ne5+ Kf6 40. Nd7+ Kf7 41. f3 Rxb3 42. Rxe6 Rxf3+ 43. Kxf3 Kxe6 44. Nc5+ Kd5 45. Nxb7 Kc4 46. Ke4 Kb4 47. a5 Kb5 48. Kd5 Ka6 49. Kc6 1/2-1/2

[Event "BL 1819 (Women)"]
[Site "Germany"]
[Date "2019.02.10"]
[Round "8.4"]
[White "Winterholler, Christina"]
[Black "Jelica, Mara"]
[Result "1/2-1/2"]
[WhiteElo "2053"]
[BlackElo "2162"]
[PlyCount "74"]
[EventDate "2018.10.27"]
[EventType "team-tourn"]
[EventRounds "11"]
[EventCountry "GER"]
[SourceTitle "CBM 189 Extra"]
[Source "ChessBase"]
[SourceDate "2019.06.03"]
[SourceVersion "1"]
[SourceVersionDate "2019.06.03"]
[SourceQuality "1"]
[WhiteTeam "Hofheim (W)"]
[BlackTeam "Deizisau (W)"]
[WhiteTeamCountry "GER"]
[BlackTeamCountry "GER"]

1. e4 e5 2. Nf3 Nf6 3. Nxe5 d6 4. Nf3 Nxe4 5. Be2 d5 6. 0-0 Bd6 7. d3 Nf6 8. Bg5 0-0 9. Nbd2 c5 10. c4 h6 11. Bh4 g5 12. Bg3 Bxg3 13. fxg3 Nc6 14. Nb3 Ng4 15. Qd2 b6 16. cxd5 Qxd5 17. h3 Nge5 18. Nxg5 Nd4 19. Bf3 Nexf3+ 20. Nxf3 Nxb3 21. axb3 Kh7 22. Nh4 Be6 23. Ra4 Qg5 24. Qf2 Rg8 25. Nf5 Rg6 26. g4 Bxb3 27. Rf4 Rf8 28. h4 Qd8 29. Qd2 Be6 30. h5 Bxf5 31. hxg6+ Bxg6 32. d4 Qd5 33. Qe3 cxd4 34. Rxd4 Qc5 35. Rc1 Qb5 36. b4 Re8 37. Qf4 a5 1/2-1/2

[Event "Regionalliga Sued-Ost 1819"]
[Site "Bayern"]
[Date "2018.11.25"]
[Round "3.3"]
[White "Wolf, Andreas"]
[Black "Winterholler, Christina"]
[Result "1/2-1/2"]
[WhiteElo "1883"]
[BlackElo "2069"]
[PlyCount "105"]
[EventDate "2018.10.21"]
[EventType "team-tourn"]
[EventRounds "9"]
[EventCountry "GER"]
[SourceTitle "EXT 2022"]
[Source "ChessBase"]
[SourceDate "2021.10.06"]
[SourceVersion "1"]
[SourceVersionDate "2021.10.06"]
[SourceQuality "1"]
[WhiteTeam "Grafenau"]
[BlackTeam "Groebenzell II"]
[WhiteTeamCountry "GER"]
[BlackTeamCountry "GER"]

1. e4 d5 2. exd5 Qxd5 3. Nc3 Qd6 4. Nf3 Nf6 5. Be2 c6 6. 0-0 Bg4 7. h3 Bh5 8. d4 Nbd7 9. Be3 e6 10. Qd2 Qc7 11. a3 Bd6 12. Rfd1 0-0 13. b4 a5 14. b5 Rfd8 15. Qd3 Bg6 16. Qc4 Bxc2 17. Rdc1 Nb6 18. Qa2 Bg6 19. bxc6 bxc6 20. Nb5 Qd7 21. Nxd6 Qxd6 22. Ne5 Be4 23. f3 Bd5 24. Qc2 Rdc8 25. Bf4 Bxf3 26. Bxf3 Qxd4+ 27. Qf2 Qxf4 28. Nxf7 Nbd5 29. Bxd5 Nxd5 30. Qxf4 Nxf4 31. Rc4 Kxf7 32. Rxf4+ Ke7 33. Rg4 g6 34. Rb1 Rab8 35. Rd1 Rd8 36. Rf1 Rd5 37. Rc4 Rb6 38. g4 Rb3 39. Rxc6 Rxh3 40. Kg2 Rxa3 41. Re1 Rd2+ 42. Kg1 Rg3+ 43. Kf1 Rxg4 44. Rcxe6+ Kf7 45. Re7+ Kg8 46. Ra7 Rf4+ 47. Kg1 Rd5 48. Re8+ Rf8 49. Ree7 Rd1+ 50. Kg2 Rd2+ 51. Kg1 Rd1+ 52. Kg2 Rd2+ 53. Kg1 1/2-1/2

[Event "Regionalliga Sued-Ost 1819"]
[Site "Bayern"]
[Date "2018.11.11"]
[Round "2.3"]
[White "Winterholler, Christina"]
[Black "Poelt, Christoph"]
[Result "1-0"]
[WhiteElo "2069"]
[BlackElo "2051"]
[PlyCount "74"]
[EventDate "2018.10.21"]
[EventType "team-tourn"]
[EventRounds "9"]
[EventCountry "GER"]
[SourceTitle "EXT 2022"]
[Source "ChessBase"]
[SourceDate "2021.10.06"]
[SourceVersion "1"]
[SourceVersionDate "2021.10.06"]
[SourceQuality "1"]
[WhiteTeam "Groebenzell II"]
[BlackTeam "Tegernsee TV"]
[WhiteTeamCountry "GER"]
[BlackTeamCountry "GER"]

1. e4 c6 2. Nc3 d5 3. Nf3 Bg4 4. exd5 cxd5 5. h3 Bxf3 6. Bb5+ Nc6 7. Qxf3 e6 8. 0-0 Nf6 9. Re1 Be7 10. Bxc6+ bxc6 11. d3 0-0 12. Ne2 Rb8 13. b3 a5 14. Bd2 Bb4 15. Bxb4 Rxb4 16. Qe3 Qb6 17. Qg5 h6 18. Qe5 Qb8 19. Qc3 Qd6 20. a3 Rb5 21. Nd4 Rb6 22. Qxa5 c5 23. Nf3 d4 24. Ne5 Ra6 25. Qd2 Nd5 26. g3 Kh7 27. Nc4 Qc7 28. Qe2 f5 29. Qe5 Qf7 30. Nd6 Qd7 31. Nc4 g5 32. Kh2 g4 33. hxg4 Nf6 34. f3 fxg4 35. f4 Nd5 36. Qh5 Nf6 37. Qxc5 h5 1-0

[Event "BL 1819 (Women)"]
[Site "Germany"]
[Date "2018.10.27"]
[Round "1.2"]
[White "Winterholler, Christina"]
[Black "Kiefhaber, Veronika"]
[Result "1/2-1/2"]
[WhiteElo "2053"]
[BlackElo "2171"]
[PlyCount "98"]
[EventDate "2018.10.27"]
[EventType "team-tourn"]
[EventRounds "11"]
[EventCountry "GER"]
[SourceTitle "CBM 188 Extra"]
[Source "ChessBase"]
[SourceDate "2019.02.26"]
[SourceVersion "1"]
[SourceVersionDate "2019.02.26"]
[SourceQuality "1"]
[WhiteTeam "Hofheim (W)"]
[BlackTeam "Karlsruhe (W)"]
[WhiteTeamCountry "GER"]
[BlackTeamCountry "GER"]

1. e4 c5 2. Nf3 g6 3. d4 cxd4 4. Qxd4 Nf6 5. Bb5 Nc6 6. Bxc6 bxc6 7. 0-0 Bg7 8. c4 d6 9. Nc3 0-0 10. Bg5 Be6 11. Qd3 Rb8 12. Rab1 Qa5 13. Bd2 Qa6 14. b3 d5 15. Ng5 dxe4 16. Qc2 Bf5 17. Be3 Ng4 18. Ncxe4 h6 19. Nf3 Nxe3 20. fxe3 Bxe4 21. Qxe4 Qxa2 22. b4 e6 23. Rfc1 Rfc8 24. Rf1 Qa3 25. b5 cxb5 26. Rxb5 Rxb5 27. cxb5 Qc5 28. Rb1 Qb6 29. Kf2 Rc5 30. Qa4 Rc3 31. Qe4 Kh7 32. g4 f5 33. gxf5 exf5 34. Qf4 Qe6 35. Re1 Rc2+ 36. Re2 Rxe2+ 37. Kxe2 Qa2+ 38. Nd2 Qe6 39. Qc7 Qe5 40. Qxe5 Bxe5 41. h3 Kg7 42. Kf3 Kf6 43. e4 g5 44. Nc4 h5 45. exf5 Kxf5 46. b6 axb6 47. Nxb6 Bd4 48. Nc4 Bc5 49. Nd2 Bb6 1/2-1/2

[Event "GER-chT Federal Cup (Women)"]
[Site "Braunfels"]
[Date "2018.06.02"]
[Round "4.3"]
[White "Winterholler, Christina"]
[Black "Barpiyeva, Gulsana"]
[Result "1-0"]
[WhiteElo "2044"]
[BlackElo "2085"]
[PlyCount "91"]
[EventDate "2018.05.31"]
[EventType "team-swiss"]
[EventRounds "5"]
[EventCountry "GER"]
[SourceTitle "EXT 2020"]
[Source "ChessBase"]
[SourceDate "2019.10.17"]
[SourceVersion "1"]
[SourceVersionDate "2019.10.17"]
[SourceQuality "1"]
[WhiteTeam "Bayern (W)"]
[BlackTeam "Hessen (W)"]
[WhiteTeamCountry "GER"]
[BlackTeamCountry "GER"]

1. e4 c5 2. d4 cxd4 3. c3 d3 4. Bxd3 d6 5. Nf3 Nf6 6. 0-0 g6 7. e5 dxe5 8. Nxe5 Bg7 9. Bc4 Qxd1 10. Bxf7+ Kf8 11. Rxd1 Nfd7 12. Nxd7+ Kxf7 13. Nc5 b6 14. Ne4 h6 15. Na3 Bb7 16. Ng3 Na6 17. Be3 Bc6 18. Rd2 Nc7 19. Rad1 Rhc8 20. f4 b5 21. f5 a5 22. Bd4 Bf8 23. Be5 b4 24. Nc4 Ra6 25. Bxc7 Rxc7 26. Ne5+ Kf6 27. Nxg6 bxc3 28. bxc3 Bg7 29. Nf4 Kf7 30. Ne6 Rc8 31. Rd8 Raa8 32. Rxc8 Rxc8 33. Rd8 Bb7 34. Rxc8 Bxc8 35. Nxg7 Kxg7 36. Nh5+ Kf7 37. g4 e6 38. Ng3 Ba6 39. Kf2 Bc4 40. a3 e5 41. Ke3 Bd5 42. h4 Kf6 43. Ne4+ Ke7 44. g5 hxg5 45. hxg5 Kf7 46. Nf6 1-0

[Event "Bamberg op 1st"]
[Site "Bamberg"]
[Date "2018.05.12"]
[Round "6"]
[White "Neubauer, Bernd"]
[Black "Winterholler, Christina"]
[Result "1-0"]
[WhiteElo "2167"]
[BlackElo "2044"]
[PlyCount "105"]
[EventDate "2018.05.09"]
[EventType "swiss"]
[EventRounds "7"]
[EventCountry "GER"]
[SourceTitle "CBM 184 Extra"]
[Source "ChessBase"]
[SourceDate "2018.06.28"]
[SourceVersion "1"]
[SourceVersionDate "2018.06.28"]
[SourceQuality "1"]

1. d4 Nf6 2. Nf3 d5 3. e3 Bf5 4. c4 dxc4 5. Bxc4 e6 6. Nc3 Be7 7. 0-0 0-0 8. a3 Nbd7 9. b4 c6 10. Bb2 Qc7 11. Qe2 Bg4 12. e4 Nb6 13. Bb3 Rfd8 14. Rfd1 a5 15. b5 c5 16. dxc5 Qxc5 17. e5 Bxf3 18. gxf3 Nfd5 19. Ne4 Nf4 20. Qf1 Rxd1 21. Rxd1 Qc7 22. a4 Nbd5 23. Rc1 Qd8 24. Qc4 Bb4 25. Kh1 Qh4 26. Rg1 Kh8 27. Rg4 Qd8 28. Nd6 Bxd6 29. exd6 Ng6 30. Qd4 Nf6 31. Rg1 e5 32. Qd2 Qd7 33. Bc2 Re8 34. Bxg6 hxg6 35. Re1 Qf5 36. Qe3 e4 37. Bxf6 Qxf6 38. d7 Rd8 39. Qxe4 Kh7 40. Qd5 b6 41. Re8 Qa1+ 42. Kg2 Qf6 43. f4 Qh4 44. Rxd8 Qxd8 45. Qxf7 Qa8+ 46. Kg1 Qd8 47. Qe8 Qg5+ 48. Kf1 Qf5 49. d8Q Qh3+ 50. Ke1 Qc3+ 51. Ke2 Qc2+ 52. Kf3 Qb3+ 53. Kg2 1-0

[Event "Bamberg op 1st"]
[Site "Bamberg"]
[Date "2018.05.09"]
[Round "1"]
[White "Winterholler, Christina"]
[Black "Keymer, Vincent"]
[Result "0-1"]
[WhiteElo "2044"]
[BlackElo "2443"]
[PlyCount "62"]
[EventDate "2018.05.09"]
[EventType "swiss"]
[EventRounds "7"]
[EventCountry "GER"]
[SourceTitle "CBM 184 Extra"]
[Source "ChessBase"]
[SourceDate "2018.06.28"]
[SourceVersion "1"]
[SourceVersionDate "2018.06.28"]
[SourceQuality "1"]

1. e4 c5 2. d4 cxd4 3. c3 dxc3 4. Nxc3 e6 5. Nf3 Nc6 6. Bc4 a6 7. 0-0 Nge7 8. Qe2 Ng6 9. Rd1 d6 10. Be3 Be7 11. Rac1 Bd7 12. Bb3 b5 13. Nd2 0-0 14. f4 Rc8 15. Qf2 f5 16. exf5 Rxf5 17. Nde4 Qf8 18. g3 Nge5 19. Qe2 Nc4 20. Bxc4 bxc4 21. Na4 d5 22. Nec5 Nb8 23. Nxd7 Nxd7 24. Bd4 Rc6 25. b3 Qc8 26. bxc4 dxc4 27. Rb1 Rd5 28. Nc3 Rxd4 29. Rxd4 Bc5 30. Rbd1 Rd6 31. Qxc4 Nb6 0-1

[Event "BL 1718 (Women)"]
[Site "Germany"]
[Date "2018.03.24"]
[Round "10.4"]
[White "Silz, Elisa"]
[Black "Winterholler, Christina"]
[Result "1/2-1/2"]
[WhiteElo "1970"]
[BlackElo "2074"]
[PlyCount "91"]
[EventDate "2017.10.01"]
[EventType "team-tourn"]
[EventRounds "11"]
[EventCountry "GER"]
[SourceTitle "EXT 2019"]
[Source "ChessBase"]
[SourceDate "2018.10.10"]
[SourceVersion "1"]
[SourceVersionDate "2018.10.10"]
[SourceQuality "1"]
[WhiteTeam "Kiel Doppelbauer (W)"]
[BlackTeam "Hofheim (W)"]
[WhiteTeamCountry "GER"]
[BlackTeamCountry "GER"]

1. d4 d5 2. c4 c6 3. Nf3 Nf6 4. e3 e6 5. Nc3 Nbd7 6. Bd3 Be7 7. 0-0 0-0 8. b3 b6 9. a4 Bb7 10. Ba3 Bxa3 11. Rxa3 Qe7 12. Ra1 a5 13. Rc1 Rac8 14. Qe2 Rfe8 15. cxd5 exd5 16. Rc2 Ra8 17. Rfc1 g6 18. h3 Ne4 19. Nd2 f5 20. Nf1 Qg7 21. g3 Qh6 22. h4 Ndf6 23. f3 Nxc3 24. Rxc3 f4 25. gxf4 Qxh4 26. Qh2 Qxh2+ 27. Kxh2 Rad8 28. Kg3 Rd6 29. Kf2 Nd7 30. Ng3 c5 31. Bb5 Bc6 32. Bxc6 Rxc6 33. e4 Rf6 34. f5 gxf5 35. exd5 cxd4 36. Rc7 Nc5 37. Nh5 Rh6 38. Rg1+ Kh8 39. Nf4 Rh2+ 40. Kg3 Rb2 41. Rh1 Rg8+ 42. Kh4 Rxb3 43. Kh5 Rg7 44. Rc8+ Rg8 45. Rc7 Rg7 46. Rc8+ 1/2-1/2

[Event "Regionalliga Sued-Ost 1718"]
[Site "Bayern"]
[Date "2018.02.25"]
[Round "7.4"]
[White "Winterholler, Christina"]
[Black "Knoblauch, Leonhard"]
[Result "0-1"]
[WhiteElo "2026"]
[BlackElo "2076"]
[PlyCount "76"]
[EventDate "2017.10.22"]
[EventType "team-tourn"]
[EventRounds "9"]
[EventCountry "GER"]
[SourceTitle "EXT 2022"]
[Source "ChessBase"]
[SourceDate "2021.10.06"]
[SourceVersion "1"]
[SourceVersionDate "2021.10.06"]
[SourceQuality "1"]
[WhiteTeam "Groebenzell II"]
[BlackTeam "Ilmmuenster"]
[WhiteTeamCountry "GER"]
[BlackTeamCountry "GER"]

1. e4 c5 2. d4 cxd4 3. c3 dxc3 4. Nxc3 d6 5. Bc4 Nc6 6. Nf3 a6 7. 0-0 Nf6 8. Bf4 Bg4 9. Qb3 e6 10. Qxb7 Na5 11. Qb4 e5 12. Bd5 Rb8 13. Qa4+ Bd7 14. Qc2 exf4 15. e5 Nxd5 16. Nxd5 Rc8 17. Qe4 Be6 18. Rad1 Nc6 19. Rfe1 Qa5 20. b4 Qxa2 21. exd6 Bxd6 22. Nb6 Bxb4 23. Nxc8 0-0 24. Qxc6 Rxc8 25. Qb7 Bc5 26. Rd2 Qc4 27. Red1 h6 28. Ne5 Qa4 29. Nxf7 Rf8 30. Ne5 Bb4 31. Rd8 Kh7 32. Qe4+ Bf5 33. Qxf4 Bd3 34. Qg4 Rxd8 35. Nxd3 Qc2 36. Qe4+ Kh8 37. Rf1 a5 38. Rc1 Qxc1+ 0-1

[Event "BL 1718 (Women)"]
[Site "Germany"]
[Date "2017.12.17"]
[Round "5.3"]
[White "Muetsch, Annmarie"]
[Black "Winterholler, Christina"]
[Result "1-0"]
[WhiteElo "2137"]
[BlackElo "2074"]
[PlyCount "137"]
[EventDate "2017.10.01"]
[EventType "team-tourn"]
[EventRounds "11"]
[EventCountry "GER"]
[SourceTitle "EXT 2019"]
[Source "ChessBase"]
[SourceDate "2018.10.10"]
[SourceVersion "1"]
[SourceVersionDate "2018.10.10"]
[SourceQuality "1"]
[WhiteTeam "Karlsruhe (W)"]
[BlackTeam "Hofheim (W)"]
[WhiteTeamCountry "GER"]
[BlackTeamCountry "GER"]

1. e4 e5 2. Nf3 Nc6 3. d4 exd4 4. Nxd4 Bc5 5. Nb3 Bb6 6. Nc3 Qf6 7. Qe2 Nge7 8. Be3 0-0 9. 0-0-0 d6 10. h4 Be6 11. f3 Bxe3+ 12. Qxe3 Rfe8 13. Qg5 Qxg5+ 14. hxg5 a6 15. g3 Ne5 16. Be2 Nd7 17. Nd4 Nf8 18. f4 Bd7 19. a4 Rad8 20. Bc4 c6 21. Bb3 b5 22. Nf3 Bg4 23. Rdf1 Bxf3 24. Rxf3 b4 25. Na2 d5 26. exd5 Nxd5 27. Bxd5 cxd5 28. Nxb4 Re4 29. c3 a5 30. Nc6 Rc8 31. Nxa5 Rxa4 32. Nb3 Ne6 33. Kc2 d4 34. Rd1 dxc3 35. Rxc3 Rb8 36. Nc1 Nd4+ 37. Kb1 Rba8 38. Nb3 Nxb3 39. Rxb3 g6 40. Kc2 Re4 41. Rd2 Re7 42. Rc3 Rb8 43. b3 Kg7 44. Kb2 Reb7 45. Re3 h6 46. gxh6+ Kxh6 47. Rd4 Kg7 48. Rc4 Kf8 49. Rec3 Kg7 50. Rc7 Rb5 51. Re3 g5 52. fxg5 Rxg5 53. Rf3 Rf8 54. b4 Kg6 55. Kb3 f6 56. Rc6 Kg7 57. Rc5 Rg4 58. Rc4 Rg5 59. g4 Rb8 60. Rf5 Rxf5 61. gxf5 Kf8 62. Rc6 Ke7 63. Kc4 Rh8 64. Re6+ Kd7 65. Rxf6 Rh1 66. Kc5 Rc1+ 67. Kb6 Rb1 68. b5 Rb2 69. Rc6 1-0

[Event "Regionalliga Sued-Ost 1718"]
[Site "Bayern"]
[Date "2017.12.10"]
[Round "4.5"]
[White "Hartl, Aldo"]
[Black "Winterholler, Christina"]
[Result "0-1"]
[WhiteElo "2080"]
[BlackElo "2026"]
[PlyCount "78"]
[EventDate "2017.10.22"]
[EventType "team-tourn"]
[EventRounds "9"]
[EventCountry "GER"]
[SourceTitle "EXT 2022"]
[Source "ChessBase"]
[SourceDate "2021.10.06"]
[SourceVersion "1"]
[SourceVersionDate "2021.10.06"]
[SourceQuality "1"]
[WhiteTeam "Trostberg TSV"]
[BlackTeam "Groebenzell II"]
[WhiteTeamCountry "GER"]
[BlackTeamCountry "GER"]

1. Nf3 d5 2. g3 c6 3. Bg2 g6 4. 0-0 Bg7 5. d4 Nh6 6. Nbd2 0-0 7. e4 dxe4 8. Nxe4 Nf5 9. c3 Nd7 10. Bf4 Nf6 11. Nc5 Nd5 12. Bd2 b6 13. Ne4 Ba6 14. Re1 Nd6 15. Qc2 Bc8 16. Rad1 Bf5 17. Ne5 Rc8 18. Qa4 b5 19. Qxa7 Bxe5 20. dxe5 Nc4 21. b3 Nb2 22. Bh6 Nxd1 23. Rxd1 Re8 24. Qd4 Bxe4 25. Qxe4 Qa5 26. c4 Nc3 27. Qe1 b4 28. Rd2 Red8 29. Bf3 Rxd2 30. Bxd2 Qxa2 31. Bxc3 bxc3 32. Qxc3 c5 33. Kg2 Rb8 34. Bd1 Rd8 35. Bc2 Qa8+ 36. Kh3 Qh1 37. Qe3 Qf1+ 38. Kg4 Rd4+ 39. f4 h5+ 0-1

[Event "BL 1718 (Women)"]
[Site "Germany"]
[Date "2017.11.18"]
[Round "2.3"]
[White "Koepke, Elena"]
[Black "Winterholler, Christina"]
[Result "1/2-1/2"]
[WhiteElo "2309"]
[BlackElo "2074"]
[PlyCount "83"]
[EventDate "2017.10.01"]
[EventType "team-tourn"]
[EventRounds "11"]
[EventCountry "GER"]
[SourceTitle "EXT 2019"]
[Source "ChessBase"]
[SourceDate "2018.10.10"]
[SourceVersion "1"]
[SourceVersionDate "2018.10.10"]
[SourceQuality "1"]
[WhiteTeam "Deizisau (W)"]
[BlackTeam "Hofheim (W)"]
[WhiteTeamCountry "GER"]
[BlackTeamCountry "GER"]

1. e4 c5 2. c3 d5 3. exd5 Qxd5 4. d4 cxd4 5. cxd4 Nc6 6. Nf3 e5 7. Nc3 Bb4 8. Bd2 Bxc3 9. Bxc3 Bg4 10. dxe5 Nge7 11. Be2 Qe4 12. Qb1 Bxf3 13. gxf3 Qxb1+ 14. Rxb1 Nd5 15. Bb5 0-0-0 16. Bxc6 bxc6 17. 0-0 Rhe8 18. Rfc1 Nf4 19. Kf1 Rd3 20. Rd1 Red8 21. Rxd3 Rxd3 22. Rc1 Kb7 23. Be1 Rxf3 24. Rc4 Nd5 25. Rh4 h6 26. Bd2 Rf5 27. Re4 Kc7 28. Kg2 g5 29. h4 Kd7 30. hxg5 hxg5 31. Ra4 Rxe5 32. Rxa7+ Ke6 33. Rb7 Re4 34. a3 g4 35. Rb8 Kd7 36. Rb7+ Ke6 37. Rb8 Kd7 38. Rf8 Ke7 39. Rc8 Kd7 40. Rf8 Ke7 41. Rc8 Kd7 42. Rf8 1/2-1/2

[Event "Regionalliga Sued-Ost 1718"]
[Site "Bayern"]
[Date "2017.11.12"]
[Round "2.5"]
[White "Lippert, Frank"]
[Black "Winterholler, Christina"]
[Result "1/2-1/2"]
[WhiteElo "2032"]
[BlackElo "2026"]
[PlyCount "81"]
[EventDate "2017.10.22"]
[EventType "team-tourn"]
[EventRounds "9"]
[EventCountry "GER"]
[SourceTitle "EXT 2022"]
[Source "ChessBase"]
[SourceDate "2021.10.06"]
[SourceVersion "1"]
[SourceVersionDate "2021.10.06"]
[SourceQuality "1"]
[WhiteTeam "Graefelfing SK"]
[BlackTeam "Groebenzell II"]
[WhiteTeamCountry "GER"]
[BlackTeamCountry "GER"]

1. d4 Nf6 2. Nf3 e6 3. c4 Bb4+ 4. Bd2 Bxd2+ 5. Qxd2 0-0 6. Nc3 d5 7. e3 Nbd7 8. Bd3 b6 9. cxd5 exd5 10. 0-0 Bb7 11. Rac1 Qe7 12. Rfd1 c5 13. Bb5 Ne4 14. Qe2 Ndf6 15. dxc5 bxc5 16. Nxe4 Nxe4 17. Ba6 Rab8 18. Bxb7 Qxb7 19. b3 Rfe8 20. Qd3 Rbd8 21. Nd2 Qb6 22. Nxe4 dxe4 23. Qc4 Rxd1+ 24. Rxd1 Rd8 25. Rd5 g6 26. Qxe4 Rxd5 27. Qxd5 Qa5 28. g3 Qxa2 29. Qxc5 Qxb3 30. Qxa7 Qd1+ 31. Kg2 Qd5+ 32. Kg1 Qd1+ 33. Kg2 Qd5+ 34. f3 Qd2+ 35. Kh3 Qf2 36. Qb8+ Kg7 37. Qe5+ Kg8 38. Qf4 Kg7 39. Qe5+ Kg8 40. Qf4 Kg7 41. Qe5+ 1/2-1/2

[Event "BL 1718 (Women)"]
[Site "Germany"]
[Date "2017.10.01"]
[Round "1.1"]
[White "Schneider, Jana"]
[Black "Winterholler, Christina"]
[Result "1-0"]
[WhiteElo "2231"]
[BlackElo "2074"]
[PlyCount "65"]
[EventDate "2017.10.01"]
[EventType "team-tourn"]
[EventRounds "11"]
[EventCountry "GER"]
[SourceTitle "EXT 2019"]
[Source "ChessBase"]
[SourceDate "2018.10.10"]
[SourceVersion "1"]
[SourceVersionDate "2018.10.10"]
[SourceQuality "1"]
[WhiteTeam "Bad Koenigshofen (W)"]
[BlackTeam "Hofheim (W)"]
[WhiteTeamCountry "GER"]
[BlackTeamCountry "GER"]

1. e4 d5 2. exd5 Nf6 3. Nf3 Nxd5 4. d4 g6 5. c4 Nb6 6. Nc3 Bg7 7. a4 a5 8. c5 Nd5 9. Bc4 c6 10. Qb3 0-0 11. Nxd5 cxd5 12. Bxd5 Nc6 13. Be3 Nb4 14. Bc4 Bf5 15. Rc1 e6 16. 0-0 Be4 17. Ne5 Bd5 18. Bxd5 Nxd5 19. Nc4 Nb4 20. Rfd1 Qc7 21. Nd6 Qc6 22. Bd2 Rfd8 23. Bxb4 axb4 24. Qxb4 Rxa4 25. Qxb7 Qxb7 26. Nxb7 Rdxd4 27. Rxd4 Rxd4 28. g3 Be5 29. c6 Bc7 30. Nc5 Rd8 31. Na6 Bb6 32. c7 Rc8 33. Rc6 1-0

[Event "GER-chT Federal Cup (Women)"]
[Site "Braunfels"]
[Date "2017.06.18"]
[Round "5.3"]
[White "Steimbach, Isabel"]
[Black "Winterholler, Christina"]
[Result "0-1"]
[WhiteElo "1972"]
[BlackElo "2064"]
[PlyCount "86"]
[EventDate "2017.06.15"]
[EventType "team-swiss"]
[EventRounds "5"]
[EventCountry "GER"]
[SourceTitle "CBM 179 Extra"]
[Source "ChessBase"]
[SourceDate "2017.08.23"]
[SourceVersion "1"]
[SourceVersionDate "2017.08.23"]
[SourceQuality "1"]
[WhiteTeam "Baden (W)"]
[BlackTeam "Bayern (W) II"]
[WhiteTeamCountry "GER"]
[BlackTeamCountry "GER"]

1. e4 d5 2. exd5 Nf6 3. d4 Nxd5 4. c4 Nb6 5. Nf3 g6 6. Be3 Bg7 7. Nc3 0-0 8. c5 Nd5 9. Bc4 Nxe3 10. fxe3 Nc6 11. 0-0 Bh6 12. Qe2 Bg4 13. h3 Bxf3 14. Rxf3 e5 15. d5 e4 16. Rg3 Ne5 17. Nxe4 Qh4 18. Qc2 f5 19. d6+ Kh8 20. Qc3 Bg7 21. Qe1 Qxe4 22. Bb3 cxd6 23. cxd6 Rad8 24. Rd1 Nd3 25. Qa5 Rxd6 26. Rf3 Rfd8 27. Bc2 Qe7 28. Qxa7 Ra6 29. Qxa6 bxa6 30. Rxd3 Rxd3 31. Bxd3 Qd6 32. Bc4 Bxb2 33. Bb3 Qc5 34. Kf2 Bc1 35. Ke2 Qc3 36. Kf2 Qd2+ 37. Kg3 Qe1+ 38. Kf4 Qh4+ 39. g4 h5 40. Ke5 Qe7+ 41. Kf4 Qe4+ 42. Kg3 hxg4 43. hxg4 Qxg4+ 0-1